000 00586nam a2200157 4500
008 170321b xxu||||| |||| 00| 0 eng d
022 _a01153544
082 _aDPer 338.05 En86 Apr-Jul 2015 v. 15, n. 158-161
100 _919385
_aVizcarra, Victoria
245 _aRebels with a cause:
_bpeople and profit are the top priority for this new breed of entrepreneurs/
_cVictoria Vizcarra.
260 _aPhilippines:
_bSummit Media,
_cApr-Jul 2015.
300 _av15 n159, pages 60-69;
_c28 cm.
500 _aEntrepreneur.
650 0 _919386
_aEntrepreneurs
_xProfit
942 _2ddc
_cPER
999 _c6418
_d6418